000 00528nam a2200217Ia 4500
003 OSt
005 20221005123523.0
006 a|||||r|||| 00| 0
007 ta
008 221004b |||||||| |||| 00| 0 san d
024 _a65003
037 _cTextual
040 _aCRL
_cCRL
_bsan
041 _2san
_asan
082 _aB1x1, 15G31
100 _aBhaskaracarya Au.
_9633780
245 0 _aLilavati
260 _c1933
942 _hB1x1, 15G31
_cTEXL
_2cc
999 _c1047674
_d1047674